Industrial Movement and Regional Development (Record no. 2277)

MARC details
000 -LEADER
fixed length control field 00362nam a22001457a 4500
008 - FIXED-LENGTH DATA ELEMENTS--GENERAL INFORMATION
fixed length control field 250312b |||||||| |||| 00| 0 eng d
020 ## - INTERNATIONAL STANDARD BOOK NUMBER
ISBN 0080179657
100 ## - MAIN ENTRY--AUTHOR
Author SANT, Morgan
245 ## - TITLE STATEMENT
Title Industrial Movement and Regional Development
250 ## - EDITION STATEMENT
Edition statement 1st
260 ## - PUBLICATION, DISTRIBUTION, ETC. (IMPRINT)
Place of publication Oxford
Name of publisher Pergamon Press
Date of publication 1975
300 ## - COLLATION
Pagination xiv, 253p.
942 ## - ADDED ENTRY ELEMENTS (KOHA)
Item type Books
050 ## - LIBRARY OF CONGRESS CALL NUMBER
Classification number HC260
Item number .S36
Holdings
Source of classification or shelving scheme Not for loan Permanent location Current location Date acquired Accession No. Full call number Barcode. Koha item type
Library of Congress Classification   Samuel Ogbemudia Main Library, University of Abuja Samuel Ogbemudia Main Library, University of Abuja 03/12/2025 92/007348 HC260.S36 2025-0523 Books